Využitie variabilných syntetických blokov v syntéze prírodných látok a ich analógov diplomová práca

Gespeichert in:
Bibliographische Detailangaben
1. Verfasser: Parák, Martin
Format: Buch
Sprache:Slowakisch
Veröffentlicht: Bratislava STU FCHPT 2019
Online-Zugang:Im OPAC anzeigen
Tags: Tag hinzufügen
Keine Tags, Fügen Sie das erste Tag hinzu!

MARC

LEADER 00000nam a2200000 a 4500
005 20260127134311.0
008 190626 2019 xo a 001 0 slo d
035 |a vtls011873948 
039 9 |y 201906260957  |z mschk03 
040 |a STUSCHK1  |b slo  |c STUSCHK1  |e AACR2 
100 1 |a Parák, Martin 
245 1 |a Využitie variabilných syntetických blokov v syntéze prírodných látok a ich analógov  |b diplomová práca  |c Martin Parák 
260 |a Bratislava  |b STU FCHPT  |c 2019 
300 |a 58 s.  |b Obr., sch0mz  |c 25 cm 
500 |a Študijný program: technická chémia 
500 |a Študijný odbor: chémia, chemické technológie 
500 |a Školiace pracovisko: Oddelenie organickej chémie 
500 |a Evid. číslo:FCHPT-104-542-76 
910 |a SCHK95 
999 |c 9196  |d 9196